000 00349nam a2200145Ia 4500
008 180730s9999||||xx |||||||||||||| ||und||
020 _a9789385401350
082 _a330
_bAHU/M
100 _aAhuja, H.L.
245 0 _aMacroeconomics: Theory and Policy
250 _a20th
260 _aNew Delhi
_bS. Chand & Co.
_c2016
300 _a936
942 _cBK
999 _c163
_d163